Villes de France par lettre - T (Carte Quiz) - Statistiques

Statistiques générales
  • Ce quiz a été pris 16 775 fois
  • Le résultat moyen est 10 sur 23
Réponses sur la Carte
Les réponses sont colorées sur une échelle allant du rouge au vert en fonction du pourcentage des utilisateurs qui les ont devinées à leur premier essai. Vous pouvez retrouver ces pourcentages ci-dessous.
 
Statistiques - réponses
Réponse % Correct
Toulouse
84%
Toulon
81%
Tours
71%
Tourcoing
68%
Thonon-les-Bains
66%
Tarbes
62%
Troyes
60%
Tournon-sur-Rhône
58%
Tulle
47%
Trappes
46%
Thionville
44%
Talence
39%
Torcy
35%
Tarascon
34%
Tremblay-en-France
30%
Thiers
26%
Toul
26%
Tarnos
24%
Thann
23%
Thouars
23%
Tréguier
22%
Tonnerre
21%
Tergnier
12%
Aucun quiz correspondant
Distribution des résultats
% des personnes avec chaque résultat
Percentile par nombre de réponses
Votre historique - résultats
Vous n’avez pas pris ce quiz